书目信息 |
| 题名: |
保卫科学研究论
|
|
| 作者: | 吴心正 著 | |
| 分册: | ||
| 出版信息: | 武汉 武汉水利电力大学出版社 1999.04 |
|
| 页数: | 468页 | |
| 开本: | 32开 | |
| 丛书名: | ||
| 单 册: | ||
| 中图分类: | D035.33 | |
| 科图分类: | ||
| 主题词: | 国家理论 | |
| 电子资源: | ||
| ISBN: | 7-81063-027-X | |
| 000 | 00551nam0 2200193 45 | |
| 001 | 0009291954 | |
| 005 | 20000929193223.5 | |
| 010 | @a7-81063-027-X@d24.00元 | |
| 100 | @a20000929d1999 km y0chiy0120 ea | |
| 101 | 0 | @achi |
| 105 | @a z 000yy | |
| 200 | 1 | @a保卫科学研究论@ABao Wei Ke Xue Yan Jiu Lun@f吴心正著@FWu Xin Zheng Zhu |
| 210 | @a武汉@c武汉水利电力大学出版社@d1999.04 | |
| 215 | @a468页@d32开 | |
| 606 | 0 | @a国家理论 |
| 690 | @aD035.33@v3 | |
| 701 | 0 | @a吴心正@4著 |
| 801 | @aCN@bPftUser@c20000929 | |
| 905 | @b159681-685@dD035.33@eW980@f5 | |
| 保卫科学研究论/吴心正著.-武汉:武汉水利电力大学出版社,1999.04 |
| 468页;32开 |
| ISBN 7-81063-027-X:24.00元 |
| ● |
| 相关链接 |
|
|
|
正题名:保卫科学研究论
索取号:D035.33/W980
 
预约/预借
| 序号 | 登录号 | 条形码 | 馆藏地/架位号 | 状态 | 备注 |
| 1 | 159681 | 201596816 | 社科库509/ [索取号:D035.33/W980] | 在馆 | |
| 2 | 159682 | 201596825 | 社科库509/509社科库 68排1列5层/ [索取号:D035.33/W980] | 在馆 | |
| 3 | 159683 | 201596834 | 社科库509/422社科库 42排1列3层/ [索取号:D035.33/W980] | 在馆 | |
| 4 | 159684 | 201596843 | 社科库509/422社科库 42排1列2层/ [索取号:D035.33/W980] | 在馆 | |
| 5 | 159685 | 201596852 | 社科库509/509社科库 68排1列5层/ [索取号:D035.33/W980] | 在馆 |